书目信息 |
| 题名: |
数字图书馆操作与实务
|
|
| 作者: | 张永忠 主编 ;张义兰 编著 | |
| 分册: | ||
| 出版信息: | 上海 复旦大学出版社 2005 |
|
| 页数: | 172页 | |
| 开本: | 26cm | |
| 丛书名: | 复旦卓越·公共课系列 | |
| 单 册: | ||
| 中图分类: | G250.76 | |
| 科图分类: | ||
| 主题词: | 数字图书馆 , 数字图书馆--高等学校--教材 | |
| 电子资源: | ||
| ISBN: | 7-309-04372-3 | |
| 000 | 00931oam2 2200277 450 | |
| 001 | 002847464 | |
| 005 | 20061107083901.21 | |
| 010 | @a7-309-04372-3@dCNY18.00 | |
| 100 | @a20050418d2005 em y0chiy0110 ea | |
| 101 | 0 | @achi |
| 102 | @aCN@b310000 | |
| 105 | @ay z 000yy | |
| 200 | 1 | @a数字图书馆操作与实务@9shu zi tu shu guan cao zuo yu shi wu@f张永忠主编@g张义兰等编著 |
| 210 | @a上海@c复旦大学出版社@d2005 | |
| 215 | @a172页@d26cm | |
| 225 | 2 | @a复旦卓越·公共课系列 |
| 330 | @a本书共分7章,介绍了书目系统、常用文献数据库、电子图书、因特网搜索引擎等的具体食用方法。 | |
| 461 | 0 | @12001 @a复旦卓越·公共课系列 |
| 510 | 1 | @aDigital Library Practical Operation@zeng |
| 606 | 0 | @a数字图书馆 |
| 606 | 0 | @a数字图书馆@x高等学校@j教材 |
| 690 | @aG250.76@v4 | |
| 701 | 0 | @a张永忠@9zhang yong zhong@c(图书馆学)@4主编 |
| 702 | 0 | @a张义兰@9zhang yi lan@4编著 |
| 801 | 0 | @aCN@bNLC@c20061107 |
| 905 | @a10447@dG250.76@e109 | |
| 数字图书馆操作与实务/张永忠主编/张义兰等编著.-上海:复旦大学出版社,2005 |
| 172页;26cm.-(复旦卓越·公共课系列) |
| ISBN 7-309-04372-3:CNY18.00 |
| 本书共分7章,介绍了书目系统、常用文献数据库、电子图书、因特网搜索引擎等的具体食用方法。 |
| ● |
| 相关链接 |
|
|
|
|
正题名:数字图书馆操作与实务
索取号:G250.76/109
 
预约/预借
| 序号 | 登录号 | 条形码 | 馆藏地/架位号 | 状态 | 备注 |
| 1 | 0382155 | 203821551 | 第一样本阅览室/ [索取号:G250.76/109] | 在馆 | |
| 2 | 0382156 | 203821560 | 第四借阅区/ [索取号:G250.76/109] | 在馆 | |
| 3 | 0382157 | 203821579 | 第四借阅区/ [索取号:G250.76/109] | 在馆 | |
| 4 | 0382158 | 203821588 | 第四借阅区/ [索取号:G250.76/109] | 在馆 | |
| 5 | 0382159 | 203821597 | 第四借阅区/ [索取号:G250.76/109] | 在馆 |